Life Is Strange
A mother, also a psychologist, describes her intellectual and spiritual journey occasioned by the birth of her son with Down's syndrome. She describes how she drew upon her own intellectual self-analysis, her professional skills, and her spiritual traditions in Hinduism in reshaping her own att...
| Main Author: | |
|---|---|
| Format: | Electronic Article |
| Language: | English |
| Check availability: | HBZ Gateway |
| Interlibrary Loan: | Interlibrary Loan for the Fachinformationsdienste (Specialized Information Services in Germany) |
| Published: |
2007
|
| In: |
Journal of religion, disability & health
Year: 2007, Volume: 11, Issue: 2, Pages: 23-28 |
| Further subjects: | B
Parenting
B Self-reliance B Down's syndrome B Intellect B Psychology B Attitudes B Introspection B God B Vedanta |
| Online Access: |
Volltext (lizenzpflichtig) |
MARC
| LEADER | 00000caa a22000002c 4500 | ||
|---|---|---|---|
| 001 | 1764937309 | ||
| 003 | DE-627 | ||
| 005 | 20210802141723.0 | ||
| 007 | cr uuu---uuuuu | ||
| 008 | 210729s2007 xx |||||o 00| ||eng c | ||
| 024 | 7 | |a 10.1300/J095v11n02_04 |2 doi | |
| 035 | |a (DE-627)1764937309 | ||
| 035 | |a (DE-599)KXP1764937309 | ||
| 040 | |a DE-627 |b ger |c DE-627 |e rda | ||
| 041 | |a eng | ||
| 084 | |a 0 |2 ssgn | ||
| 100 | 1 | |a Auluck, Shanti |e VerfasserIn |4 aut | |
| 245 | 1 | 0 | |a Life Is Strange |
| 264 | 1 | |c 2007 | |
| 336 | |a Text |b txt |2 rdacontent | ||
| 337 | |a Computermedien |b c |2 rdamedia | ||
| 338 | |a Online-Ressource |b cr |2 rdacarrier | ||
| 520 | |a A mother, also a psychologist, describes her intellectual and spiritual journey occasioned by the birth of her son with Down's syndrome. She describes how she drew upon her own intellectual self-analysis, her professional skills, and her spiritual traditions in Hinduism in reshaping her own attitudes toward her son. | ||
| 650 | 4 | |a Down's syndrome | |
| 650 | 4 | |a God | |
| 650 | 4 | |a Vedanta | |
| 650 | 4 | |a Attitudes | |
| 650 | 4 | |a Intellect | |
| 650 | 4 | |a Introspection | |
| 650 | 4 | |a Parenting | |
| 650 | 4 | |a Psychology | |
| 650 | 4 | |a Self-reliance | |
| 773 | 0 | 8 | |i Enthalten in |t Journal of religion, disability & health |d [Erscheinungsort nicht ermittelbar] : Routledge, 1999 |g 11(2007), 2, Seite 23-28 |h Online-Ressource |w (DE-627)366026801 |w (DE-600)2112749-9 |w (DE-576)105935026 |x 1522-9122 |7 nnas |
| 773 | 1 | 8 | |g volume:11 |g year:2007 |g number:2 |g pages:23-28 |
| 856 | 4 | 0 | |u https://doi.org/10.1300/J095v11n02_04 |x Resolving-System |z lizenzpflichtig |3 Volltext |7 1 |
| 951 | |a AR | ||
| ELC | |a 1 | ||
| ITA | |a 1 |t 1 | ||
| LOK | |0 000 xxxxxcx a22 zn 4500 | ||
| LOK | |0 001 3958550347 | ||
| LOK | |0 003 DE-627 | ||
| LOK | |0 004 1764937309 | ||
| LOK | |0 005 20210729173720 | ||
| LOK | |0 008 210729||||||||||||||||ger||||||| | ||
| LOK | |0 040 |a DE-Tue135 |c DE-627 |d DE-Tue135 | ||
| LOK | |0 092 |o n | ||
| LOK | |0 852 |a DE-Tue135 | ||
| LOK | |0 852 1 |9 00 | ||
| LOK | |0 935 |a ixzs |a ixzo |a rwrk | ||
| LOK | |0 939 |a 29-07-21 |b l01 | ||
| ORI | |a SA-MARC-ixtheoa001.raw | ||
| REL | |a 1 | ||
| SUB | |a REL | ||



